LEADER 00930nam0-2200313---450- 001 990008420020403321 005 20061130160454.0 010 $a1860644724 035 $a000842002 035 $aFED01000842002 035 $a(Aleph)000842002FED01 035 $a000842002 100 $a20061116d2004----km-y0itay50------ba 101 0 $aeng 102 $aGB 105 $ay-------001yy 200 1 $a<>well-protected domains$eideology and the legitimation of power in the Ottoman Empire 1876-1909$fSelim Deringil 210 $aLondon ; New York$cI.B. Tauris$d2004 215 $aXI, 260 p.$d22 cm 610 0 $aImpero ottomano$aPolitica$a1876-1909 676 $a956.101$v21$zita 700 1$aDeringil,$bSelim$0296666 801 0$aIT$bUNINA$gRICA$2UNIMARC 901 $aBK 912 $a990008420020403321 952 $aII F 143$b42335$fFSPBC 959 $aFSPBC 996 $aWell-protected domains$9252396 997 $aUNINA